[Event "World Cup"]
[Site "Khanty-Mansiysk RUS"]
[Date "2007.11.27"]
[Round "2.1"]
[White "Avrukh, B."]
[Black "Kamsky, G."]
[Result "0-1"]
[WhiteElo "2641"]
[BlackElo "2714"]
[PlyCount "106"]
[EventDate "2007.11.24"]
[Source "www.chesslib.no"]
[SourceDate "2004.05.04"]

1. d4 Nf6 2. c4 e6 3. g3 c5 4. d5 exd5 5. cxd5 d6 6. Nc3 g6 7. Bg2 Bg7 8. Nf3 O-O 9. O-O a6 10. a4 Re8 11. Nd2 Nbd7 12. h3 Rb8 13. Nc4 Ne5 14. Na3 Nh5 15. e4 Bd7 16. a5 Qxa5 17. g4 Nf6 18. g5 Nh5 19. f4 Nc4 20. Nxc4 Qxa1 21. Nxd6 Bxc3 22. bxc3 Qxc3 23. Nxe8 Rxe8 24. Rf3 Qd4+ 25. Qxd4 cxd4 26. Rd3 Rc8 27. Bd2 a5 28. Bf3 a4 29. Bg4 f5 30. gxf6 Nxf6 31. Bxd7 Nxd7 32. e5 Nb6 33. e6 Nxd5 34. Rxd4 Ne7 35. Rxa4 Nc6 36. Re4 Kf8 37. Bb4+ Ke8 38. Kg2 b5 39. Bc5 Ne7 40. Bf2 Rb8 41. Bc5 Rc8 42. Bf2 Nc6 43. Bc5 Rd8 44. Re2 Rd5 45. Bf2 b4 46. Ra2 b3 47. Ra1 b2 48. Rb1 Rd2 49. Kf3 Na5 50. Bh4 Nc4 51. f5 Rd5 52. fxg6 hxg6 53. Kg4 Rd1 0-1

[Event "Clash of Titans"]
[Site "?"]
[Date "1997.11.23"]
[Round "4"]
[White "Karpov, A."]
[Black "Adianto, U."]
[Result "1-0"]
[WhiteElo "2745"]
[BlackElo "2610"]
[PlyCount "89"]
[EventDate "1997.??.??"]
[Source "www.chesslib.no"]
[SourceDate "2004.05.04"]

1. d4 Nf6 2. c4 e6 3. g3 c5 4. d5 exd5 5. cxd5 d6 6. Nc3 g6 7. Bg2 Bg7 8. Nf3 O-O 9. O-O Re8 10. Nd2 a6 11. a4 Nbd7 12. Nc4 Ne5 13. Nxe5 Rxe5 14. e4 Re8 15. Rb1 b5 16. axb5 axb5 17. b4 c4 18. h3 Bd7 19. Qc2 Qc8 20. Kh2 Re5 21. g4 Bxg4 22. hxg4 Qxg4 23. Rh1 Rae8 24. Be3 Nxe4 25. Nxe4 Rxe4 26. f3 Qh5+ 27. Kg1 Rh4 28. Rxh4 Qxh4 29. Qf2 Qh5 30. Rd1 Bc3 31. Bd4 Qxd5 32. f4 Qh5 33. Bf3 Bxd4 34. Rxd4 Qf5 35. Qd2 Qh3 36. Kf2 Qh2+ 37. Kf1 Qxd2 38. Rxd2 Re3 39. Kf2 Rb3 40. Rxd6 Rxb4 41. Bd5 c3 42. Ke3 c2 43. Rc6 Rc4 44. Rxc4 bxc4 45. Kd2 1-0

[Event "XXIV ECC"]
[Site "Kallithea GRE"]
[Date "2008.10.17"]
[Round "1"]
[White "Postny, E."]
[Black "Gharamian, T."]
[Result "1/2-1/2"]
[WhiteElo "2674"]
[BlackElo "2555"]
[PlyCount "110"]
[EventDate "2008.10.17"]
[Source "www.chesslib.no"]
[SourceDate "2004.05.04"]

1. d4 Nf6 2. c4 e6 3. g3 c5 4. d5 exd5 5. cxd5 d6 6. Nc3 g6 7. Bg2 Bg7 8. Nf3 O-O 9. O-O Re8 10. Nd2 a6 11. a4 Nbd7 12. h3 Rb8 13. Nc4 Nb6 14. Na3 Bd7 15. e4 Qc7 16. a5 Nc8 17. Nc4 Bb5 18. Qb3 Bxc4 19. Qxc4 Nd7 20. f4 b5 21. axb6 Ncxb6 22. Qe2 c4 23. Rxa6 Bxc3 24. bxc3 Nc5 25. Ra2 Nxe4 26. Bxe4 f5 27. Be3 Rxe4 28. Qd2 Rbe8 29. Bf2 Nd7 30. Ra7 Qc8 31. Bd4 R4e7 32. Qa2 Nc5 33. Rxe7 Rxe7 34. Qxc4 Rc7 35. Ra1 Ne6 36. Qe2 Nxd4 37. cxd4 Rc1+ 38. Rxc1 Qxc1+ 39. Kg2 Qc3 40. g4 Qxd4 41. Qe8+ Kg7 42. Qe7+ Kg8 43. Qe6+ Kg7 44. Qd7+ Kg8 45. Qe8+ Kg7 46. Qe7+ Kg8 47. Qe6+ Kg7 48. Qd7+ Kg8 49. Qxd6 Qd2+ 50. Kg3 Qe1+ 51. Kf3 Qc3+ 52. Ke2 Qc2+ 53. Ke3 Qc3+ 54. Kf2 Qd2+ 55. Kg3 Qe1+ 1/2-1/2

[Event "Europa ch 2008"]
[Site "Plovdiv BUL"]
[Date "2008.04.30"]
[Round "9.16"]
[White "Kempinski, Robert"]
[Black "Istratescu, Andrei"]
[Result "1/2-1/2"]
[WhiteElo "2595"]
[BlackElo "2628"]
[PlyCount "43"]
[EventDate "2008.04.21"]
[Source "www.chesslib.no"]
[SourceDate "2004.05.04"]

1. d4 e6 2. c4 Nf6 3. Nf3 c5 4. d5 exd5 5. cxd5 d6 6. Nc3 a6 7. a4 g6 8. g3 Bg7 9. Bg2 O-O 10. O-O Nbd7 11. Nd2 Re8 12. Nc4 Ne5 13. Nxe5 Rxe5 14. e4 Re8 15. h3 Rb8 16. Qd3 Nd7 17. Be3 f5 18. Qc2 Nf6 19. exf5 Bxf5 20. Qd2 Ne4 21. Nxe4 Bxe4 22. Rfe1 1/2-1/2

[Event "DEN Ch KO"]
[Site "?"]
[Date "2005.03.27"]
[Round "4.2"]
[White "Hansen Curt"]
[Black "Hansen Sune Berg"]
[Result "1-0"]
[WhiteElo "2633"]
[BlackElo "2553"]
[PlyCount "87"]
[EventDate "2005.??.??"]
[Source "www.chesslib.no"]
[SourceDate "2004.05.04"]

1. d4 Nf6 2. c4 e6 3. g3 c5 4. d5 exd5 5. cxd5 d6 6. Nc3 g6 7. Bg2 Bg7 8. Nf3 O-O 9. O-O a6 10. a4 Nbd7 11. h3 Re8 12. Nd2 Rb8 13. Nc4 Nb6 14. Na3 Bd7 15. Re1 Qc7 16. e4 Nc8 17. Qd3 Na7 18. Nc4 Nc8 19. a5 Bb5 20. b3 Nd7 21. f4 b6 22. axb6 Ncxb6 23. Bd2 Nf6 24. Kh2 h5 25. e5 dxe5 26. fxe5 Nfd7 27. e6 Bxc4 28. bxc4 Ne5 29. d6 Qd8 30. exf7+ Nxf7 31. Rxe8+ Qxe8 32. Qxg6 Ne5 33. Qxe8+ Rxe8 34. Rxa6 Nexc4 35. Nd5 Nxd2 36. Rxb6 Rd8 37. Ne7+ Kf8 38. Bd5 Nf1+ 39. Kg1 Ne3 40. Ng6+ Ke8 41. Be6 Bd4 42. Kh1 c4 43. Rc6 c3 44. Rc8 1-0

[Event "Campionato europeo 2007"]
[Site "Dresda GER"]
[Date "2007.04.13"]
[Round "10.6"]
[White "Avrukh, Boris"]
[Black "Gajewski, Grzegorz"]
[Result "1/2-1/2"]
[WhiteElo "2644"]
[BlackElo "2540"]
[PlyCount "71"]
[EventDate "2007.04.03"]
[Source "www.chesslib.no"]
[SourceDate "2004.05.04"]

1. d4 Nf6 2. c4 e6 3. g3 c5 4. d5 exd5 5. cxd5 d6 6. Nc3 g6 7. Bg2 Bg7 8. Nf3 O-O 9. O-O Re8 10. Nd2 a6 11. a4 Nbd7 12. h3 Rb8 13. Nc4 Ne5 14. Na3 c4 15. Be3 Bd7 16. Nc2 b5 17. axb5 axb5 18. Nb4 Qc8 19. h4 Bh3 20. Bd4 Nh5 21. e3 Bg4 22. f3 Bd7 23. Ne4 Bf8 24. g4 f5 25. gxf5 gxf5 26. Ng5 f4 27. Qd2 fxe3 28. Bxe3 Bg7 29. Bd4 Nd3 30. Bxg7 Qc5+ 31. Kh2 Qxb4 32. Bc3 Qc5 33. b4 Qe3 34. Qxe3 Rxe3 35. Ra7 Ndf4 36. Bd4 1/2-1/2

[Event "XIX Czech Open Synthesia Rapid"]
[Site "Pardubice CEC"]
[Date "2008.07.17"]
[Round "4"]
[White "Laznicka, V."]
[Black "Zakhartsov, Vi"]
[Result "1-0"]
[WhiteElo "2601"]
[BlackElo "2556"]
[PlyCount "109"]
[EventDate "2008.07.16"]
[Source "www.chesslib.no"]
[SourceDate "2004.05.04"]

1. d4 Nf6 2. c4 e6 3. g3 c5 4. d5 exd5 5. cxd5 d6 6. Bg2 g6 7. Nc3 Bg7 8. Nf3 O-O 9. O-O a6 10. a4 Nbd7 11. Nd2 Re8 12. h3 Rb8 13. a5 b5 14. axb6 Nxb6 15. Qc2 Bf5 16. e4 Bd7 17. Rd1 Bb5 18. b3 h5 19. Bb2 Nfd7 20. f4 h4 21. g4 g5 22. e5 gxf4 23. exd6 Bd4+ 24. Kh1 Ne5 25. Nxb5 axb5 26. Bxd4 cxd4 27. Qf5 Kg7 28. Qxf4 d3 29. Nf3 Nxf3 30. Bxf3 Nd7 31. Rxd3 Qf6 32. Qxf6+ Kxf6 33. g5+ Kxg5 34. Rg1+ Kf6 35. Bh5 Ne5 36. Rd4 Ng6 37. Bxg6 fxg6 38. Rxh4 Re3 39. Rh6 Rg8 40. d7 Rd8 41. Rgxg6+ Kf5 42. Re6 Rd3 43. Rh5+ Kf4 44. Re7 Rxb3 45. Rhh7 Rb1+ 46. Kg2 Rb2+ 47. Kf1 Ra2 48. Re8 Raa8 49. Ree7 b4 50. Ke2 Kf5 51. Kd2 Kf6 52. d6 b3 53. Kc3 Kf5 54. Kb2 Kf6 55. Kxb3 1-0

[Event "Moscow (ol)"]
[Site "?"]
[Date "1994.??.??"]
[Round "?"]
[White "Akopian, V."]
[Black "Marin, Mihail"]
[Result "0-1"]
[WhiteElo "2630"]
[BlackElo "2520"]
[PlyCount "108"]
[EventDate "1994.??.??"]
[Source "ChessBase"]
[SourceDate "1994.10.01"]

1. d4 Nf6 2. Nf3 e6 3. c4 c5 4. d5 d6 5. Nc3 exd5 6. cxd5 g6 7. g3 Bg7 8. Bg2 O-O 9. O-O Re8 10. Nd2 a6 11. a4 Nbd7 12. h3 Rb8 13. Nc4 Ne5 14. Na3 Nh5 15. e4 Bd7 16. g4 b5 17. axb5 axb5 18. Nc2 b4 19. Ne2 Nf6 20. g5 Nh5 21. f4 Nc4 22. Rb1 Bb5 23. b3 Na3 24. Bxa3 bxa3 25. Nxa3 Bxe2 26. Qxe2 Ng3 27. Qd3 Nxf1 28. Rxf1 h6 29. gxh6 Bd4+ 30. Kh1 f5 31. Nc4 Qf6 32. e5 dxe5 33. fxe5 Bxe5 34. d6 Bd4 35. Bc6 Red8 36. Re1 Qh4 37. Re6 Kh7 38. Qf3 Qxh6 39. Re7+ Kh8 40. Re1 Qh4 41. Re2 Kg7 42. Re7+ Kf6 43. Bd5 Re8 44. Rf7+ Kg5 45. Nd2 Re1+ 46. Nf1 Qf4 47. Qxf4+ Kxf4 48. Bc4 Kf3 49. Ra7 Ra1 50. Re7 Rh8 51. Be2+ Kf2 52. Kh2 Bf6 53. Re6 Bg5 54. Rxg6 Bf4+ 0-1

[Event "Open Aeroflot"]
[Site "Mosca RUS"]
[Date "2007.02.20"]
[Round "7"]
[White "Anastasian, A."]
[Black "Evdokimov, Alexa"]
[Result "1/2-1/2"]
[WhiteElo "2587"]
[BlackElo "2531"]
[PlyCount "68"]
[EventDate "2007.02.14"]
[Source "www.chesslib.no"]
[SourceDate "2004.05.04"]

1. d4 Nf6 2. c4 c5 3. d5 g6 4. Nf3 Bg7 5. g3 O-O 6. Bg2 e6 7. Nc3 exd5 8. cxd5 d6 9. O-O a6 10. a4 Nbd7 11. Nd2 Re8 12. Nc4 Ne5 13. Na3 Nh5 14. h3 f5 15. Kh2 Bd7 16. f4 Nf7 17. Nc4 b5 18. axb5 axb5 19. Rxa8 Qxa8 20. Nb6 Qb7 21. Nxd7 Qxd7 22. e4 b4 23. Ne2 Nf6 24. exf5 gxf5 25. Qd3 Nh6 26. b3 Qf7 27. Bf3 Qg6 28. Rf2 Ne4 29. Rg2 Nf6 30. Kh1 Nhg4 31. Ng1 Nh6 32. Kh2 Nhg4+ 33. Kh1 Nh6 34. Kh2 Nhg4+ 1/2-1/2

[Event "Synthesia Rapid Open"]
[Site "Pardubice CEC"]
[Date "2007.07.18"]
[Round "4"]
[White "Wirig, A."]
[Black "Najer, E."]
[Result "1/2-1/2"]
[WhiteElo "2487"]
[BlackElo "2623"]
[PlyCount "79"]
[EventDate "2007.07.18"]
[Source "www.chesslib.no"]
[SourceDate "2004.05.04"]

1. d4 Nf6 2. Nf3 e6 3. c4 c5 4. d5 d6 5. Nc3 exd5 6. cxd5 a6 7. a4 g6 8. g3 Bg7 9. Bg2 O-O 10. O-O Re8 11. Nd2 Nbd7 12. h3 Nh5 13. Nde4 Qe7 14. Bg5 Qf8 15. g4 Nhf6 16. Ng3 Rb8 17. Qc2 b5 18. axb5 axb5 19. Ra5 b4 20. Nb5 Bb7 21. e4 Ra8 22. Rfa1 Rxa5 23. Rxa5 Ne5 24. b3 Rb8 25. Be3 Qd8 26. Qa2 c4 27. Ra4 Bxd5 28. exd5 Rxb5 29. bxc4 b3 30. Qb1 Rb8 31. g5 Nfd7 32. f4 Nb6 33. Rb4 Nexc4 34. Bxb6 Nxb6 35. Qxb3 Rc8 36. Kh2 Nd7 37. Ne4 h6 38. h4 Kh7 39. Rb7 Rc7 40. Qb5 1/2-1/2

[Event "Montpellier opA"]
[Site "Montpellier"]
[Date "1998.??.??"]
[Round "4"]
[White "Tregubov, Pavel V"]
[Black "Hamdouchi, Hichem"]
[Result "1/2-1/2"]
[WhiteElo "2560"]
[BlackElo "2535"]
[PlyCount "32"]
[EventDate "1998.07.??"]
[Source "www.chesslib.no"]
[SourceDate "2004.05.04"]

1. d4 Nf6 2. c4 e6 3. Nf3 c5 4. d5 exd5 5. cxd5 d6 6. Nc3 g6 7. g3 Bg7 8. Bg2 O-O 9. O-O Re8 10. Nd2 a6 11. a4 Nbd7 12. Qb3 Rb8 13. Nc4 Ne5 14. Nb6 Nfd7 15. Nxc8 Rxc8 16. Bh3 f5 1/2-1/2

[Event "Kobenhavn"]
[Site "?"]
[Date "2000.??.??"]
[Round "?"]
[White "Mikhalevski, V."]
[Black "De Firmian, N."]
[Result "1/2-1/2"]
[WhiteElo "2530"]
[BlackElo "2565"]
[PlyCount "93"]
[EventDate "2000.??.??"]
[Source "Chess Informant"]
[SourceDate "2000.06.01"]

1. d4 Nf6 2. c4 e6 3. g3 c5 4. d5 exd5 5. cxd5 d6 6. Nc3 g6 7. Bg2 Bg7 8. Nf3 O-O 9. O-O Nbd7 10. Nd2 a6 11. a4 Re8 12. h3 Rb8 13. Nc4 Nb6 14. Na3 Bd7 15. e4 Qc7 16. Rb1 Nxa4 17. Nxa4 b5 18. Nxc5 Qxc5 19. Be3 Qc8 20. Rc1 Qd8 21. Qd3 Rc8 22. Nc2 Qe7 23. Nd4 h6 24. b4 Kh7 25. Nc6 Bxc6 26. Rxc6 Rxc6 27. dxc6 Nxe4 28. Rc1 f5 29. Qa3 Ra8 30. g4 d5 31. Bb6 Nc3 32. Kh1 Rc8 33. c7 fxg4 34. hxg4 Qh4+ 35. Kg1 Ne2+ 36. Kf1 Nxc1 37. Qxc1 Qxg4 38. Bxd5 Qh3+ 39. Bg2 Qd3+ 40. Kg1 Qd6 41. Ba5 Be5 42. Bb7 Rxc7 43. Bxc7 Qxc7 44. Qxc7+ Bxc7 45. Bxa6 Bd6 46. Bxb5 Bxb4 47. Bd3 1/2-1/2

[Event "Banja Luka"]
[Site "Banja Luka"]
[Date "1976.??.??"]
[Round "1"]
[White "Hort, Vlastimil"]
[Black "Marovic, Drazen"]
[Result "1/2-1/2"]
[WhiteElo "2600"]
[BlackElo "2485"]
[PlyCount "70"]
[EventDate "1976.12.??"]
[Source "ChessBase"]

1. c4 g6 2. d4 Nf6 3. Nc3 c5 4. d5 Bg7 5. g3 O-O 6. Bg2 d6 7. Nf3 e6 8. O-O exd5 9. cxd5 a6 10. a4 Nbd7 11. Nd2 Re8 12. h3 Rb8 13. Nc4 Nb6 14. Na3 Bd7 15. Bf4 Nh5 16. Bxd6 Bxc3 17. Bxb8 Bxb2 18. g4 Qxb8 19. gxh5 Nxa4 20. Ra2 Nc3 21. Qb3 Nxe2+ 22. Kh1 Bg7 23. hxg6 hxg6 24. Qf3 Nd4 25. Qg3 Qxg3 26. fxg3 b5 27. g4 Ne2 28. Rf3 Nd4 29. Rf1 f5 30. Nc2 Re2 31. Re1 Rxe1+ 32. Nxe1 fxg4 33. Rxa6 gxh3 34. Be4 Bf5 35. Bxf5 gxf5 1/2-1/2

[Event "Belgrade"]
[Site "Belgrade"]
[Date "1994.??.??"]
[Round "1"]
[White "Ilincic, Zlatko"]
[Black "Velimirovic, Dragoljub"]
[Result "0-1"]
[WhiteElo "2555"]
[BlackElo "2525"]
[PlyCount "96"]
[EventDate "1994.??.??"]
[Source "ChessBase"]

1. d4 Nf6 2. c4 c5 3. d5 g6 4. Nc3 Bg7 5. Nf3 O-O 6. g3 d6 7. Bg2 e6 8. O-O exd5 9. cxd5 Nbd7 10. Nd2 Re8 11. a4 a6 12. Qb3 Rb8 13. Nc4 Ne5 14. Nb6 Nh5 15. h3 f5 16. Kh2 g5 17. Nxc8 Rxc8 18. e4 f4 19. Qd1 fxg3+ 20. fxg3 Nf6 21. Bxg5 Nfg4+ 22. hxg4 Qxg5 23. Bh3 Nc4 24. Rf5 Qe3 25. Rf3 Qd2+ 26. Qxd2 Nxd2 27. Rf4 Nc4 28. g5 Nxb2 29. Bxc8 Rxc8 30. Rf6 Nc4 31. Raf1 Bxf6 32. Rxf6 Rf8 33. e5 Rxf6 34. exf6 Na3 35. Ne4 c4 36. Kh3 Nb1 37. Kg4 c3 38. Nf2 c2 39. Nd3 Nc3 40. Kf5 Kf7 41. Nc1 Nxa4 42. Ke4 Nb6 43. Kd3 Nxd5 44. Kxc2 Nc7 45. Nb3 Ne6 46. Na5 b5 47. Nb7 d5 48. Nd6+ Kg6 0-1

[Event "SUI-chT"]
[Site "SUI"]
[Date "1996.??.??"]
[Round "7"]
[White "Gavrikov, Viktor"]
[Black "Gheorghiu, Florin"]
[Result "1-0"]
[WhiteElo "2605"]
[BlackElo "2475"]
[PlyCount "93"]
[EventDate "1996.??.??"]
[Source "ChessBase"]

1. Nf3 c5 2. c4 g6 3. d4 Bg7 4. d5 Nf6 5. g3 O-O 6. Bg2 e6 7. Nc3 exd5 8. cxd5 d6 9. O-O Re8 10. Nd2 Nbd7 11. a4 a6 12. Ra2 Rb8 13. a5 b5 14. axb6 Nxb6 15. b3 Bb7 16. e4 Nfd7 17. Qc2 Ne5 18. Nd1 a5 19. f4 Ng4 20. h3 Bd4+ 21. Kh1 Ne3 22. Nxe3 Bxe3 23. Bb2 Ba6 24. Rfa1 Bd4 25. Bxd4 cxd4 26. Rxa5 Be2 27. Qb2 d3 28. Rc1 Nd7 29. Ra6 Rb6 30. Ra3 Rb4 31. Rc6 Nb8 32. Rc4 Qb6 33. Kh2 Qf2 34. Qc1 Rxc4 35. bxc4 Nd7 36. Qg1 Qxg1+ 37. Kxg1 Nc5 38. Kf2 Rb8 39. Ra2 f6 40. Ke3 Kf7 41. Ra7+ Kg8 42. e5 fxe5 43. fxe5 dxe5 44. Rc7 Na6 45. Re7 Nb4 46. d6 Nc2+ 47. Kf2 1-0

[Event "Plovdiv"]
[Site "Plovdiv"]
[Date "2003.??.??"]
[Round "?"]
[White "Avrukh, B."]
[Black "Nikolaidis, I."]
[Result "0-1"]
[WhiteElo "2609"]
[BlackElo "2467"]
[PlyCount "93"]
[EventDate "2003.??.??"]
[Source "Chess Informant"]
[SourceDate "2003.10.01"]

1. d4 Nf6 2. c4 e6 3. g3 c5 4. d5 d6 5. Nc3 exd5 6. cxd5 g6 7. Bg2 Bg7 8. Nf3 O-O 9. O-O Re8 10. Nd2 Nbd7 11. h3 a6 12. a4 Rb8 13. a5 b5 14. axb6 Nxb6 15. Qc2 a5 16. Rd1 Ba6 17. Nf1 Nc4 18. Rb1 Qb6 19. b3 Ne5 20. Ne3 Qc7 21. Bd2 Rb4 22. Rdc1 Reb8 23. Na4 Bxe2 24. Bxb4 Bd3 25. Qd1 Bxb1 26. Bxc5 Be4 27. Bb6 Qd7 28. Bxa5 Bh6 29. Bb6 Qb5 30. Ba7 Bxg2 31. Bxb8 Be4 32. Rc8+ Kg7 33. Nc3 Qd7 34. Nxe4 Nxe4 35. Rc4 Nxg3 36. Ng4 Nxc4 37. bxc4 Nf5 38. Qa1+ Kf8 39. Qh8+ Ke7 40. Qf6+ Ke8 41. Nxh6 Nxh6 42. Bxd6 Ng8 43. Qe5+ Kd8 44. Kg2 f6 45. Qg3 Nh6 46. Qa3 Qb7 47. Bf4 0-1

[Event "Closed GM 2005"]
[Site "?"]
[Date "2005.01.17"]
[Round "4"]
[White "Mikhalevski Victor"]
[Black "Perelshteyn Eugene"]
[Result "1-0"]
[WhiteElo "2553"]
[BlackElo "2505"]
[PlyCount "97"]
[EventDate "2005.??.??"]
[Source "www.chesslib.no"]
[SourceDate "2004.05.04"]

1. d4 Nf6 2. c4 e6 3. g3 c5 4. d5 exd5 5. cxd5 d6 6. Nc3 g6 7. Bg2 Bg7 8. Nf3 O-O 9. O-O a6 10. a4 Re8 11. Nd2 Nbd7 12. h3 Rb8 13. Nc4 Ne5 14. Na3 Nh5 15. e4 Bd7 16. a5 Qxa5 17. g4 Nf6 18. g5 Nh5 19. f4 c4 20. fxe5 Qc5+ 21. Rf2 Bxe5 22. Qe1 Bg3 23. Qe3 Bxf2+ 24. Qxf2 Qxf2+ 25. Kxf2 Rbc8 26. Nc2 f5 27. gxf6 Rf8 28. Bg5 Nxf6 29. Ke3 Rf7 30. Bf4 Ne8 31. Nd4 Re7 32. h4 Rc5 33. Bg5 Rf7 34. Ne6 Rc8 35. Nd8 Rg7 36. Ne6 Rf7 37. Ne2 Nf6 38. Bf3 Ne8 39. h5 Nf6 40. Rg1 Be8 41. Bh4 Nd7 42. hxg6 hxg6 43. Rxg6+ Kh8 44. Rh6+ Kg8 45. Nd8 Rxf3+ 46. Kxf3 Ne5+ 47. Kg3 Rxd8 48. Bxd8 Nf7 49. Re6 1-0

[Event "JUG-ch52"]
[Site "Niksic"]
[Date "1997.??.??"]
[Round "1"]
[White "Ilincic, Zlatko"]
[Black "Kovacevic, Aleksandar"]
[Result "0-1"]
[WhiteElo "2565"]
[BlackElo "2485"]
[PlyCount "104"]
[EventDate "1997.??.??"]
[Source "www.chesslib.no"]
[SourceDate "2004.05.04"]

1. d4 Nf6 2. c4 c5 3. d5 d6 4. Nc3 g6 5. g3 e6 6. Bg2 exd5 7. cxd5 Bg7 8. Nf3 O-O 9. O-O a6 10. a4 Nbd7 11. Nd2 Re8 12. a5 b5 13. axb6 Nxb6 14. Ra3 Ng4 15. Qc2 f5 16. b3 Rb8 17. Bb2 Qe7 18. e3 Qf7 19. Ba1 g5 20. h3 Ne5 21. f4 gxf4 22. exf4 Ned7 23. Nf3 h6 24. Nh4 Nf8 25. Bf3 Re3 26. Kh2 Qe7 27. Ng2 Rxf3 28. Rxf3 Qf7 29. Ne3 Nh7 30. Qd3 Qh5 31. Kg2 Nf6 32. Ncd1 Bb7 33. Nxf5 Nbxd5 34. Nxg7 Kxg7 35. Kh2 Kf7 36. Nf2 Re8 37. g4 Qh4 38. Qd2 Nb4 39. Rg3 Ne4 40. Nxe4 Rxe4 41. Bc3 Qe7 42. Rg2 Re3 43. Bxb4 Bxg2 44. Kxg2 Re2+ 45. Kf1 Rxd2 46. Bxd2 Qe4 47. Kf2 Qd3 48. Be3 c4 49. Rxa6 cxb3 50. Ra7+ Ke8 51. f5 b2 52. f6 Qg6 0-1

[Event "Titovo Uzice"]
[Site "?"]
[Date "1978.??.??"]
[Round "5"]
[White "Kovacevic Vlatko"]
[Black "Andersson Ulf"]
[Result "1-0"]
[WhiteElo "2505"]
[BlackElo "2545"]
[PlyCount "81"]
[EventDate "1978.??.??"]
[Source "www.chesslib.no"]
[SourceDate "2004.05.04"]

1. Nf3 c5 2. c4 Nf6 3. Nc3 g6 4. d4 Bg7 5. d5 O-O 6. g3 d6 7. Bg2 e6 8. O-O exd5 9. cxd5 Re8 10. Nd2 a6 11. a4 Nbd7 12. h3 Rb8 13. Nc4 Nb6 14. Ne3 Bd7 15. a5 Nc8 16. Nc4 Qc7 17. Bd2 b5 18. axb6 Nxb6 19. Na5 Bb5 20. b3 Ra8 21. Re1 Nfd7 22. Rc1 Nc8 23. b4 Na7 24. Ne4 Rac8 25. bxc5 Nxc5 26. Nxc5 dxc5 27. Nc4 Bxc4 28. Rxc4 Nb5 29. e4 Nd6 30. Ra4 Qb6 31. Bf4 Bc3 32. Re3 Bd4 33. Rb3 Nb5 34. Qc2 f6 35. Bf1 Kg7 36. Qa2 c4 37. Bxc4 Rxe4 38. Rxa6 Qc5 39. Rxb5 Re1+ 40. Kg2 Qxc4 41. Qxc4 1-0

[Event "Buenos Aires"]
[Site "?"]
[Date "1991.??.??"]
[Round "?"]
[White "Nogueiras"]
[Black "Cifuentes"]
[Result "1-0"]
[WhiteElo "2540"]
[BlackElo "2510"]
[PlyCount "95"]
[EventDate "1991.??.??"]
[Source "www.chesslib.no"]
[SourceDate "2004.05.04"]

1. d4 Nf6 2. Nf3 c5 3. d5 g6 4. c4 d6 5. Nc3 Bg7 6. g3 O-O 7. Bg2 e6 8. O-O exd5 9. cxd5 a6 10. a4 Re8 11. Nd2 Nbd7 12. h3 Nh5 13. Nce4 Ndf6 14. Nxf6+ Nxf6 15. Nc4 Bf5 16. Ra3 Be4 17. a5 Bxg2 18. Kxg2 Re4 19. Nb6 Rb8 20. Bg5 Qe8 21. Bxf6 Bxf6 22. e3 Bxb2 23. Rb3 Rb4 24. Qc2 Rxb3 25. Qxb3 Qe4+ 26. Kg1 Qb4 27. Qa2 c4 28. Nxc4 Rc8 29. Nxb2 Rc2 30. Nd3 Qc3 31. Qb1 Qxd3 32. Qxb7 Kg7 33. Qb1 h5 34. Qa1+ Kh7 35. Qf6 Qxd5 36. e4 Qc4 37. Qxd6 Qxe4 38. Qxa6 Qf5 39. Qb7 h4 40. g4 Qf4 41. a6 Qc7 42. Qxc7 Rxc7 43. Ra1 Ra7 44. Kg2 Kg7 45. Kf3 Kf6 46. Kf4 Ke6 47. Kg5 Ke5 48. Ra4 1-0

[Event "First Saturday GM - Febbraio 2008"]
[Site "Budapest UNG"]
[Date "2008.02.11"]
[Round "10"]
[White "Ilincic, Zlatko"]
[Black "Kristjansson, Stefan"]
[Result "1/2-1/2"]
[WhiteElo "2561"]
[BlackElo "2476"]
[PlyCount "109"]
[EventDate "2008.02.02"]
[Source "www.chesslib.no"]
[SourceDate "2004.05.04"]

1. d4 Nf6 2. c4 e6 3. Nf3 c5 4. d5 exd5 5. cxd5 d6 6. Nc3 g6 7. g3 Bg7 8. Bg2 O-O 9. O-O Re8 10. Nd2 a6 11. a4 Nbd7 12. a5 b5 13. axb6 Nxb6 14. Qc2 Bd7 15. Rd1 Bb5 16. Nb3 Nc4 17. h3 Nd7 18. e4 Qb6 19. Kh2 Rab8 20. Ra2 a5 21. Na1 Ba6 22. f4 Bd4 23. Rd3 Qd8 24. Rf3 Nf6 25. Bf1 Ne3 26. Bxe3 Bxf1 27. Rxf1 Bxe3 28. Nb3 a4 29. Rxa4 Qb6 30. Ra3 c4 31. Na5 Qxb2 32. Ra2 Qxc2+ 33. Rxc2 Nxe4 34. Nxc4 Nxc3 35. Rxc3 Bc5 36. Rc2 Re4 37. Rd1 Rb4 38. Na5 Rbd4 39. Rxd4 Rxd4 40. Nc6 Rd3 41. Rb2 Kg7 42. Nd8 Rxd5 43. Rb7 Rd2+ 44. Kh1 Rd1+ 45. Kg2 Rd2+ 46. Kf3 Rd3+ 47. Kg2 Rd2+ 48. Kf1 Rf2+ 49. Ke1 Kg8 50. Nxf7 Rf3 51. Nh6+ Kf8 52. Rf7+ Ke8 53. Rxh7 Rxg3 54. f5 gxf5 55. Nxf5 1/2-1/2

[Event "Givatayim"]
[Site "?"]
[Date "2004.??.??"]
[Round "?"]
[White "Mikhalevski, V."]
[Black "Gruenfeld, Y."]
[Result "1-0"]
[WhiteElo "2565"]
[BlackElo "2470"]
[PlyCount "93"]
[EventDate "2004.??.??"]
[Source "Chess Informant"]
[SourceDate "2004.10.01"]

1. d4 Nf6 2. c4 c5 3. d5 e6 4. Nc3 exd5 5. cxd5 d6 6. Nf3 g6 7. g3 Bg7 8. Bg2 O-O 9. O-O a6 10. a4 Nbd7 11. Nd2 Re8 12. h3 Rb8 13. Nc4 Nb6 14. Na3 Bd7 15. e4 Nc8 16. Qd3 Qc7 17. Be3 Na7 18. Nc4 b5 19. axb5 Nxb5 20. Bd2 Nxc3 21. Bxc3 Bb5 22. Rfe1 Nh5 23. Bf1 Qe7 24. Qd2 Rbd8 25. Na5 Qf8 26. Nc6 Rd7 27. g4 Bh6 28. Qd1 Nf4 29. g5 Bxg5 30. Qg4 f5 31. Qxg5 fxe4 32. Bd2 Nd3 33. Bxd3 Bxd3 34. b4 Rf7 35. bxc5 dxc5 36. Rac1 Rf5 37. Qh6 Qd6 38. Bc3 Rf7 39. f4 c4 40. Re3 Qxd5 41. Ne5 Qc5 42. Rce1 Rb7 43. Ng4 Ree7 44. Kh1 Re6 45. Nf6+ Rxf6 46. Bxf6 c3 47. f5 1-0

[Event "XVII Festival"]
[Site "Abu Dhabi EAU"]
[Date "2007.08.16"]
[Round "5"]
[White "Anastasian, A."]
[Black "Gopal, G."]
[Result "1-0"]
[WhiteElo "2555"]
[BlackElo "2480"]
[PlyCount "91"]
[EventDate "2007.08.12"]
[Source "www.chesslib.no"]
[SourceDate "2004.05.04"]

1. d4 Nf6 2. c4 c5 3. d5 e6 4. Nc3 exd5 5. cxd5 d6 6. Nf3 g6 7. g3 Bg7 8. Bg2 O-O 9. O-O Re8 10. Nd2 a6 11. a4 Nbd7 12. h3 Rb8 13. Nc4 Ne5 14. Na3 Nh5 15. e4 Bd7 16. a5 b5 17. axb6 Bb5 18. Naxb5 axb5 19. Nxb5 Qxb6 20. Na3 c4 21. Kh2 Qc5 22. Be3 Qb4 23. Nc2 Qxb2 24. Ra6 Red8 25. Nd4 c3 26. Nc6 c2 27. Qc1 Nxc6 28. Rxc6 Rbc8 29. Qd2 Rxc6 30. dxc6 Rc8 31. e5 Qxe5 32. Rc1 Nf6 33. Bf4 Qf5 34. Rxc2 d5 35. c7 h6 36. g4 Qe6 37. Rc5 Bf8 38. Rxd5 Nxd5 39. Qxd5 Qf6 40. Bg3 Qe7 41. Qc4 Qd7 42. Bb7 Bd6 43. Bxc8 Bxg3+ 44. Kxg3 Qxc8 45. Qc5 Kg7 46. Qe7 1-0

[Event "Jugoslavija"]
[Site "?"]
[Date "1997.??.??"]
[Round "?"]
[White "Ilincic, Z."]
[Black "Petronic, J."]
[Result "1-0"]
[WhiteElo "2545"]
[BlackElo "2490"]
[PlyCount "79"]
[EventDate "1997.??.??"]
[Source "ChessBase"]
[SourceDate "1997.06.01"]

1. d4 Nf6 2. c4 c5 3. d5 e6 4. Nc3 exd5 5. cxd5 d6 6. g3 g6 7. Bg2 Bg7 8. Nf3 O-O 9. O-O a6 10. a4 Nbd7 11. Nd2 Re8 12. a5 b5 13. axb6 Nxb6 14. e4 Rb8 15. Qc2 Re7 16. b3 Ne8 17. Bb2 Nc7 18. Rfe1 Bb7 19. Nc4 Nxc4 20. bxc4 Bc8 21. Nd1 Ne8 22. Bxg7 Kxg7 23. f4 f6 24. Nf2 Rb6 25. Nd3 Reb7 26. h3 a5 27. Rxa5 Rb2 28. Nxb2 Qxa5 29. Nd3 Bd7 30. Rc1 Qa3 31. Bf1 Ba4 32. Qd2 Bd7 33. g4 h6 34. e5 Rb3 35. Qe3 Rc3 36. exf6+ Nxf6 37. Qe7+ Kg8 38. Qxf6 Rxd3 39. Ra1 Rg3+ 40. Kh2 1-0

[Event "XXIII Open"]
[Site "Cappelle la Grande FRA"]
[Date "2007.03.03"]
[Round "1"]
[White "Wirig, A."]
[Black "Brodsky, M."]
[Result "1/2-1/2"]
[WhiteElo "2433"]
[BlackElo "2597"]
[PlyCount "48"]
[EventDate "2007.03.03"]
[Source "www.chesslib.no"]
[SourceDate "2004.05.04"]

1. d4 Nf6 2. Nf3 c5 3. d5 e6 4. c4 d6 5. Nc3 exd5 6. cxd5 g6 7. g3 Bg7 8. Bg2 O-O 9. O-O Re8 10. Nd2 a6 11. a4 Nbd7 12. h3 Rb8 13. Nc4 Ne5 14. Na3 Nh5 15. f4 Nxg3 16. fxe5 Bxe5 17. Nc4 Bxc3 18. bxc3 Nxe2+ 19. Kh2 Bg4 20. Ne3 Bh5 21. Bf3 Nxc1 22. Qxc1 Qe7 23. Ng2 Qe5+ 24. Qf4 Bxf3 1/2-1/2